Cultural pasts;essays in early Indian History (Record no. 8935)
[ view plain ]
| 000 -LEADER | |
|---|---|
| fixed length control field | 00639nam a2200205Ia 4500 |
| 005 - DATE AND TIME OF LATEST TRANSACTION | |
| control field | 20221124114059.0 |
| 008 - FIXED-LENGTH DATA ELEMENTS--GENERAL INFORMATION | |
| fixed length control field | 131103s9999 xx 000 0 und d |
| 020 ## - ISBN | অাই এস বি এন | |
| ISBN | অাই এস বি এন | 195640500 |
| PRICE | Rs.1550 |
| 040 ## - CATALOGING SOURCE | |
| Original cataloging agency | Loreto College |
| 041 ## - LANGUAGE CODE | |
| Language code | English |
| 082 ## - DDC | ডিউই | |
| Classification number | বর্গসংখ্যা | 954.01 |
| Book Number | গ্রন্থাঙ্ক | THA |
| 100 ## - MAIN ENTRY--PERSONAL NAME | মুখ্য সংলেখ - ব্যাক্তিনাম | |
| Personal name | ব্যাক্তিনাম | Thapar,Romila |
| 245 ## - TITLE STATEMENT | অাখ্যা বিবরণী | |
| Title | অাখ্যা | Cultural pasts;essays in early Indian History |
| Sub title | উপঅাখ্যা | essays in early Indian History |
| Statement of responsibility | লেখকের দায়িত্বের বিবরণ | Romila Thapar |
| 260 ## - IMPRINT | প্রকাশনা ক্ষেত্র | |
| Place of publication | প্রকাশ স্থান | New Delhi |
| Name of publisher | প্রকাশকের নাম | Oxford University Press |
| Date of publication | প্রকাশ কাল | 2000 |
| 300 ## - PHYSICAL DESCRIPTION | | |
| Page / Vol. No | পৃষ্ঠা / খন্ড সংখ্যা | xi,1156p. |
| Other physical details | অনান্য বাহ্যিক বিবরণ | illus. |
| 504 ## - BIBLIOGRAPHY, ETC. NOTE | |
| Bibliography, etc | Price of Accn no.47084 is Rs.635.00 and ISBN 0195664876 |
| 650 ## - SUBJECT ADDED ENTRY--TOPICAL TERM | বিষয় শিরোনাম - মূল বিষয় | |
| Topical term | মূল বিষয় | Ancient Indian History |
| 850 ## - HOLDING INSTITUTION | |
| Holding institution | LCLIB |
| 942 ## - ADDED ENTRY ELEMENTS (KOHA) | |
| Koha item type | Books |
| Withdrawn status | Lost status | Source of classification | Damaged status | Not for loan | Home library | Current library | Date acquired | Total Checkouts | Full call number | Accession No. | Date last seen | Date checked out | Price effective from | Koha item type | Coded location qualifier |
|---|---|---|---|---|---|---|---|---|---|---|---|---|---|---|---|
| Dewey Decimal Classification | Loreto College | Loreto College | 04/11/2013 | 9 | 954.01 THA 41723 | B27503 | 18/03/2019 | 18/03/2019 | 04/11/2013 | Books | |||||
| Dewey Decimal Classification | Loreto College | Loreto College | 04/11/2013 | 10 | 954.01 THA 41723 | B8812 | 10/01/2018 | 10/01/2018 | 04/11/2013 | Books |